El origen de la palabra /
Obra en diez volúmenes que tras dos primeros relativos al origen del lenguaje y del idioma español, respectivamente, se centra en las peculiaridades de tal idioma en México y la política lingüística que prevalece en el país, así como su relación con las lenguas indígenas y con la publicidad y los me...
Shranjeno v:
| Korporativna značnica: | |
|---|---|
| Format: | Knjiga |
| Jezik: | španščina |
| Serija: | (Nuestro Idioma ;
1) |
| Teme: | |
| Oznake: |
Brez oznak, prvi označite!
|
MARC
| LEADER | 00000nam^a2200000^a^4500 | ||
|---|---|---|---|
| 001 | 000186780 | ||
| 005 | 20250521000000.0 | ||
| 009 | 20260310102236.97 | ||
| 037 | |a Acervo ITESO - Biblioteca | ||
| 041 | |a ESP | ||
| 082 | |a 467. |b NUE V. 1 | ||
| 110 | |a Comisión para la Defensa del Idioma Español (México) | ||
| 245 | 1 | 3 | |a El origen de la palabra / |c Comisión para la Defensa del Idioma Español (México). |
| 264 | |a México : |b Secretaría de Educación Pública, |c 1982 | ||
| 300 | |a 83 p. | ||
| 336 | |a texto |b txt |2 rdacontenido | ||
| 337 | |a sin mediación |b n |2 rdamedio | ||
| 338 | |a volumen |b nc |2 rdasoporte | ||
| 440 | 1 | |a (Nuestro Idioma ; |v 1) | |
| 520 | |a Obra en diez volúmenes que tras dos primeros relativos al origen del lenguaje y del idioma español, respectivamente, se centra en las peculiaridades de tal idioma en México y la política lingüística que prevalece en el país, así como su relación con las lenguas indígenas y con la publicidad y los medios de comunicación. Se aborda también la enseñanza y defensa del español, así como sus características en zonas determinadas del país (Frontera Norte) o con hablantes particulares (los niños). | ||
| 649 | |a XX | ||
| 650 | |a Lenguaje - |x Historia | ||
| 650 | |a Lenguaje y Pensamiento | ||
| 650 | |a Psicolingüística | ||
| 650 | |a Lingüística | ||
| 650 | |a Prehistoria | ||
| 910 | |a Fondo General | ||
| 920 | |a Impresos - Libros | ||
| 930 | |a Colección General | ||
| 905 | |a 101 | ||
| 901 | |a 0500128549 |b IT1 |c ACC |u 20250521 | ||
| 902 | |a https://opac.biblio.iteso.mx/vufind/Record/000186780 | ||